000 01176nam a2200301 a 4500
001 ebr10456918
003 CaPaEBR
006 m u
007 cr cn|||||||||
008 110425s2011 enka sb 001 0deng d
020 _z9781848855151 (hardback)
020 _z9781848855168 (pbk.)
020 _z9780857718631 (e-book)
040 _aCaPaEBR
_cCaPaEBR
035 _a(OCoLC)713352895
050 1 4 _aPK1718.R3119
_bZ853 2011eb
100 1 _aRobinson, Andrew.
245 1 4 _aThe Apu Trilogy
_h[electronic resource] :
_bSatyajit Ray and the making of an epic /
_cAndrew Robinson.
260 _aLondon :
_bI.B. Tauris,
_c2011.
300 _aix, 212 p. :
_bill.
504 _aIncludes bibliographical references and index.
533 _aElectronic reproduction.
_bPalo Alto, Calif. :
_cebrary,
_d2011.
_nAvailable via World Wide Web.
_nAccess may be limited to ebrary affiliated libraries.
600 1 0 _aRay, Satyajit,
_d1921-1992.
630 0 0 _aApu trilogy.
655 7 _aElectronic books.
_2local
710 2 _aebrary, Inc.
856 4 0 _uhttp://site.ebrary.com/lib/rucke/Doc?id=10456918
_zAn electronic book accessible through the World Wide Web; click to view
999 _c226276
_d226276